[Event "Sueca op 3rd"]
[Site "Sueca"]
[Date "2017.07.26"]
[Round "3"]
[White "Diaz Benitez, Ricardo"]
[Black "Villanueva Claramonte, Ramon"]
[Result "1-0"]
[WhiteElo "1985"]
[BlackElo "1796"]
[PlyCount "68"]
[EventDate "2017.07.24"]
[EventType "swiss"]
[EventRounds "8"]
[EventCountry "ESP"]
[SourceTitle "CBM 179 Extra"]
[Source "ChessBase"]
[SourceDate "2017.08.23"]
[SourceVersion "1"]
[SourceVersionDate "2017.08.23"]
[SourceQuality "1"]

1. d4 d5 2. Bf4 Nf6 3. e3 e6 4. Nd2 Bd6 5. Bg3 0-0 6. Bd3 c5 7. c3 Nc6 8. Bxd6 Qxd6 9. f4 b6 10. a3 Bb7 11. Qf3 a5 12. Ne2 Ne7 13. 0-0 Qc6 14. Ng3 Ba6 15. Bxa6 Rxa6 16. Kh1 Ra7 17. Rac1 Qd7 18. Nh5 Nxh5 19. Qxh5 Rc7 20. Rf3 g6 21. Qh3 cxd4 22. exd4 Kg7 23. Re1 Re8 24. Rfe3 Nf5 25. Re5 Nd6 26. Qe3 Nc4 27. Nxc4 Rxc4 28. f5 gxf5 29. Qg5+ Kh8 30. Qf6+ Kg8 31. R1e3 Qd8 32. Qh6 Kh8 33. Rh3 Kg8 34. Rg3+ Kh8 1-0

[Event "Xeraco Region-ch Primera"]
[Site "Xeraco"]
[Date "2015.11.14"]
[Round "6.3"]
[White "Sala Espi, Antonio"]
[Black "Villanueva Claramonte, Ramon"]
[Result "1-0"]
[WhiteElo "1671"]
[BlackElo "1796"]
[PlyCount "97"]
[EventDate "2015.10.03"]
[EventType "swiss"]
[EventRounds "7"]
[EventCountry "ESP"]
[SourceTitle "EXT 2024"]
[Source "ChessBase"]
[SourceDate "2023.10.10"]
[SourceVersion "1"]
[SourceVersionDate "2023.10.10"]
[SourceQuality "1"]

1. d4 d5 2. c4 c6 3. Nf3 Nf6 4. Nc3 dxc4 5. a4 Bf5 6. e3 e6 7. Bxc4 Bb4 8. 0-0 0-0 9. h3 h6 10. Bd2 Nbd7 11. Re1 Nb6 12. Bb3 a5 13. Rc1 Bh7 14. Bc2 Nc4 15. Bxh7+ Kxh7 16. Qc2+ Kg8 17. Na2 Nxd2 18. Nxd2 Be7 19. Nc3 Nd5 20. Nxd5 exd5 21. Nb3 Rc8 22. e4 Bb4 23. Re2 dxe4 24. Qxe4 Re8 25. Qf3 Rxe2 26. Qxe2 Qe8 27. Kf1 Kf8 28. Nc5 Qxe2+ 29. Kxe2 Rc7 30. Kd3 Ke7 31. Kc4 Kd6 32. Rc2 Bxc5 33. dxc5+ Ke6 34. Rd2 f6 35. b4 axb4 36. Kxb4 Rc8 37. Ka5 Ra8+ 38. Kb6 Rxa4 39. Kxb7 Rb4+ 40. Kxc6 g5 41. Kc7 Rc4 42. c6 Rc3 43. Kb7 Rb3+ 44. Kc8 Rc3 45. c7 Ke7 46. Rd7+ Ke8 47. Rd8+ Ke7 48. Kb7 Rb3+ 49. Ka6 1-0

[Event "Sueca op 1st"]
[Site "Sueca"]
[Date "2015.08.01"]
[Round "7"]
[White "Bordes Ibanez, Juan Bautista"]
[Black "Villanueva Claramonte, Ramon"]
[Result "1-0"]
[WhiteElo "1997"]
[BlackElo "1793"]
[PlyCount "111"]
[EventDate "2015.07.27"]
[EventType "swiss"]
[EventRounds "8"]
[EventCountry "ESP"]
[SourceTitle "EXT 2017"]
[Source "ChessBase"]
[SourceDate "2016.10.25"]
[SourceVersion "1"]
[SourceVersionDate "2016.10.25"]
[SourceQuality "1"]

1. Nf3 d5 2. c4 Nf6 3. cxd5 Nxd5 4. d4 e6 5. e4 Nf6 6. Nc3 Be7 7. Bd3 Nbd7 8. 0-0 b6 9. Bg5 Bb7 10. Qe2 c5 11. e5 Nd5 12. Nxd5 Bxd5 13. Bxe7 Qxe7 14. dxc5 bxc5 15. Nd2 0-0 16. Nc4 Nb6 17. Rac1 Nxc4 18. Bxc4 Rfd8 19. Rc2 Qb7 20. f3 Rab8 21. Rfc1 Qb4 22. b3 g6 23. Qf2 Bxc4 24. Rxc4 Qd2 25. Qxd2 Rxd2 26. R1c2 Rxc2 27. Rxc2 Rb5 28. Rc4 Kf8 29. Kf2 Ke7 30. Ra4 a5 31. f4 Kd7 32. Ke3 Kc6 33. g4 Kb6 34. Rc4 Rb4 35. Rc3 a4 36. Rd3 axb3 37. axb3 Kb5 38. g5 Ka5 39. Kf3 Rb7 40. Rc3 Kb4 41. Rc4+ Kb5 42. Ke4 Ra7 43. Rc3 Ra2 44. Rh3 Kb4 45. Rxh7 Kxb3 46. Rxf7 c4 47. Rf6 Ra4 48. Rxe6 c3+ 49. Kd3 Rxf4 50. Rb6+ Ka4 51. Kxc3 Rf5 52. Kc4 Ka5 53. Rxg6 Rxe5 54. Kd4 Re2 55. h4 Kb5 56. h5 1-0

[Event "Provincial-ch Xeraco Primera"]
[Site "Xeraco"]
[Date "2014.11.15"]
[Round "6.7"]
[White "Banuls Perez, Andres"]
[Black "Villanueva Claramonte, Ramon"]
[Result "1/2-1/2"]
[WhiteElo "1691"]
[BlackElo "1823"]
[PlyCount "40"]
[EventDate "2014.09.27"]
[EventType "swiss"]
[EventRounds "7"]
[EventCountry "ESP"]
[SourceTitle "EXT 2024"]
[Source "ChessBase"]
[SourceDate "2023.10.10"]
[SourceVersion "1"]
[SourceVersionDate "2023.10.10"]
[SourceQuality "1"]

1. d4 d5 2. Nf3 Nf6 3. c3 Bf5 4. Bf4 e6 5. e3 Bd6 6. Bxd6 Qxd6 7. Bd3 Bxd3 8. Qxd3 Nbd7 9. Nbd2 0-0 10. 0-0 c5 11. Qc2 cxd4 12. exd4 b5 13. a3 Rfc8 14. Qd3 a6 15. Rfe1 Nb6 16. b4 Na4 17. Rac1 Ra7 18. Nb3 Nb2 19. Qe2 Nc4 20. Qa2 Nd7 1/2-1/2